000 01175nam a22002777a 4500
005 20101206113148.0
008 101206t xxu||||| |||| 00| 0 hin d
010 _aHIN-93210
020 _c600.00
_a9789380458274
035 _aHN-65556
037 _bDBAD/PUB
040 _aDPL
_bHN
082 _a820.8
100 _924598
_aतिवारी, ममता
245 _aनिराला का गद्य और भारतीय समाज /
_cममता तिवारी
246 _aNirala ka gadh aur Bhartiya Samaj
_bby Mamta Tiwari
260 _aनई दिल्ली
_bसामयिक बुक्स
_c2011
270 _bनई दिल्ली
_a3320-21, जटवाड़ा, दरियागंज,एन.एस.मार्ग
_e110002
300 _a368पृ.
_c22सेमी (सजिल्द)
650 _91169
650 _929580
700 _924599
700 _924924
942 _2ddc
_cHN
_mतिवारी
_h820.8
999 _c53911
_d53911